<?xml version="1.0" encoding="UTF-8"?><?xml-stylesheet type="text/xsl" href="static/style.xsl"?><OAI-PMH xmlns="http://www.openarchives.org/OAI/2.0/" xmlns:xsi="http://www.w3.org/2001/XMLSchema-instance" xsi:schemaLocation="http://www.openarchives.org/OAI/2.0/ http://www.openarchives.org/OAI/2.0/OAI-PMH.xsd"><responseDate>2026-04-27T22:00:29Z</responseDate><request verb="GetRecord" identifier="oai:uvadoc.uva.es:10324/67183" metadataPrefix="marc">https://uvadoc.uva.es/oai/request</request><GetRecord><record><header><identifier>oai:uvadoc.uva.es:10324/67183</identifier><datestamp>2025-01-16T09:42:14Z</datestamp><setSpec>com_10324_1142</setSpec><setSpec>com_10324_931</setSpec><setSpec>com_10324_894</setSpec><setSpec>col_10324_1258</setSpec></header><metadata><record xmlns="http://www.loc.gov/MARC21/slim" xmlns:doc="http://www.lyncode.com/xoai" xmlns:xsi="http://www.w3.org/2001/XMLSchema-instance" xmlns:dcterms="http://purl.org/dc/terms/" xsi:schemaLocation="http://www.loc.gov/MARC21/slim http://www.loc.gov/standards/marcxml/schema/MARC21slim.xsd">
<leader>00925njm 22002777a 4500</leader>
<datafield tag="042" ind1=" " ind2=" ">
<subfield code="a">dc</subfield>
</datafield>
<datafield tag="720" ind1=" " ind2=" ">
<subfield code="a">Durán Custodio, Roberto</subfield>
<subfield code="e">author</subfield>
</datafield>
<datafield tag="720" ind1=" " ind2=" ">
<subfield code="a">Castillo Alvira, Daniel</subfield>
<subfield code="e">author</subfield>
</datafield>
<datafield tag="720" ind1=" " ind2=" ">
<subfield code="a">Raya González, Javier</subfield>
<subfield code="e">author</subfield>
</datafield>
<datafield tag="720" ind1=" " ind2=" ">
<subfield code="a">Yanci Irigoyen, Javier</subfield>
<subfield code="e">author</subfield>
</datafield>
<datafield tag="260" ind1=" " ind2=" ">
<subfield code="c">2023</subfield>
</datafield>
<datafield tag="520" ind1=" " ind2=" ">
<subfield code="a">The aims of the study were to analyze the effects of a 12-week maximal strength- training program on injury incidence, injury burden, and physical fitness in semi-professional soccer players and to compare the perceived exertion load and well-being state between injured and non-injured soccer players. Twenty semi-professional male soccer players participated in this study. Participants were randomly allocated to an experimental group (EG, n = 10 players), who performed a maximal strength-training program, or to a control group (CG, n = 10 players), who only performed their regular soccer training. Physical fitness was measured at baseline and after the training program. In addition, the injury incidence, burden, training/match load, and the state of well-being of the players were recorded. The EG showed significant improvements in vertical jumps, change in direction ability, linear sprints, repeated sprint ability, isometric strength (p &lt; 0.003; effect size = 1.78–11.86), and quadriceps–hamstring imbalance in both legs (p &lt; 0.001; effect size = 2.37–3.71) in comparison to the CG. In addition, the EG players showed a significantly (p &lt; 0.05) lower injury burden (p &lt; 0.001, relative risk = 5.05, 95% confidence interval = 3.27–7.79). This study demonstrated the beneficial effects of a 12-week maximal strength-training program on physical fitness attributes and injury burden in semi-professional soccer players.</subfield>
</datafield>
<datafield tag="024" ind2=" " ind1="8">
<subfield code="a">Healthcare, 2023, Vol. 11, Nº. 24, 3195</subfield>
</datafield>
<datafield tag="024" ind2=" " ind1="8">
<subfield code="a">2227-9032</subfield>
</datafield>
<datafield tag="024" ind2=" " ind1="8">
<subfield code="a">https://uvadoc.uva.es/handle/10324/67183</subfield>
</datafield>
<datafield tag="024" ind2=" " ind1="8">
<subfield code="a">10.3390/healthcare11243195</subfield>
</datafield>
<datafield tag="024" ind2=" " ind1="8">
<subfield code="a">3195</subfield>
</datafield>
<datafield tag="024" ind2=" " ind1="8">
<subfield code="a">24</subfield>
</datafield>
<datafield tag="024" ind2=" " ind1="8">
<subfield code="a">Healthcare</subfield>
</datafield>
<datafield tag="024" ind2=" " ind1="8">
<subfield code="a">11</subfield>
</datafield>
<datafield tag="024" ind2=" " ind1="8">
<subfield code="a">2227-9032</subfield>
</datafield>
<datafield ind1=" " ind2=" " tag="653">
<subfield code="a">Football</subfield>
</datafield>
<datafield ind1=" " ind2=" " tag="653">
<subfield code="a">Fútbol</subfield>
</datafield>
<datafield ind1=" " ind2=" " tag="653">
<subfield code="a">Sports injuries - Prevention</subfield>
</datafield>
<datafield ind1=" " ind2=" " tag="653">
<subfield code="a">Lesiones deportivas - Prevención</subfield>
</datafield>
<datafield ind1=" " ind2=" " tag="653">
<subfield code="a">Deportes - Accidentes y lesiones</subfield>
</datafield>
<datafield ind1=" " ind2=" " tag="653">
<subfield code="a">Performance</subfield>
</datafield>
<datafield ind1=" " ind2=" " tag="653">
<subfield code="a">Physical fitness</subfield>
</datafield>
<datafield ind1=" " ind2=" " tag="653">
<subfield code="a">Aptitud física</subfield>
</datafield>
<datafield ind1=" " ind2=" " tag="653">
<subfield code="a">Strength training</subfield>
</datafield>
<datafield ind1=" " ind2=" " tag="653">
<subfield code="a">Entrenamiento (Deportes)</subfield>
</datafield>
<datafield ind1=" " ind2=" " tag="653">
<subfield code="a">Health</subfield>
</datafield>
<datafield ind1=" " ind2=" " tag="653">
<subfield code="a">Salud</subfield>
</datafield>
<datafield ind1=" " ind2=" " tag="653">
<subfield code="a">Sports medicine</subfield>
</datafield>
<datafield ind1=" " ind2=" " tag="653">
<subfield code="a">Medicina deportiva</subfield>
</datafield>
<datafield ind1=" " ind2=" " tag="653">
<subfield code="a">Public health</subfield>
</datafield>
<datafield tag="245" ind1="0" ind2="0">
<subfield code="a">Is a maximal strength-training program effective on physical fitness, injury incidence, and injury burden in semi-professional soccer players? A randomized controlled trial</subfield>
</datafield>
</record></metadata></record></GetRecord></OAI-PMH>